000 00602nam a22001697a 4500
999 _c60548
_d60548
005 20230817172646.0
008 230817s1999 enk||||| |||| 00| 0 eng d
020 _a0856675016
041 _aeng
080 _a008(479.22)(09)+94(479.22) N-26
245 _aNational Treasures of Georgia /
_cEditor Ori Z. Soltes.
264 _aLondon :
_b ‎Philip Wilson Publishers,
_c1999.
300 _a286 p.:
_bill.;
_c28 cm.
653 _aსაქართველოს ეროვნული საგანძური
700 _aSoltes, Ori Z.
_eრედაქტორი
_919689
942 _2udc
_cBK